Abnormal psychology; (Record no. 5111)
[ view plain ]
| 000 -LEADER | |
|---|---|
| fixed length control field | 00714cam a22002411 4500 |
| 001 - CONTROL NUMBER | |
| control field | 1698783 |
| 003 - CONTROL NUMBER IDENTIFIER | |
| control field | GBCCL |
| 005 - DATE AND TIME OF LATEST TRANSACTION | |
| control field | 20241126110533.0 |
| 008 - FIXED-LENGTH DATA ELEMENTS--GENERAL INFORMATION | |
| fixed length control field | 740504s1967 mdu b 000 0 eng |
| 010 ## - | |
| -- | 67007389 |
| 040 ## - CATALOGING SOURCE | |
| Original cataloging agency | DLC |
| Transcribing agency | DLC |
| Modifying agency | DLC |
| 050 00 - | |
| -- | RC458 |
| -- | .H28 1967 |
| 082 00 - DEWEY DECIMAL CLASSIFICATION NUMBER | |
| Classification number | 616.89 |
| Item number | ABN |
| 100 1# - MAIN ENTRY--PERSONAL NAME | |
| Personal name | Hamilton, Max, |
| Titles and words associated with a name | M.D. |
| 9 (RLIN) | 9223 |
| 245 00 - TITLE STATEMENT | |
| Title | Abnormal psychology; |
| Remainder of title | selected readings. |
| Statement of responsibility, etc. | Edited by Max Hamilton. |
| 260 ## - PUBLICATION, DISTRIBUTION, ETC. | |
| Place of publication, distribution, etc. | [Baltimore] |
| Name of publisher, distributor, etc. | Penguin Books |
| Date of publication, distribution, etc. | [1967] |
| 300 ## - PHYSICAL DESCRIPTION | |
| Extent | 331 p. |
| Dimensions | 18 cm. |
| 490 0# - SERIES STATEMENT | |
| Series statement | Penguin modern psychology, UPS6 |
| 504 ## - BIBLIOGRAPHY, ETC. NOTE | |
| Bibliography, etc. note | Bibliography: p. 319. |
| 650 #0 - SUBJECT ADDED ENTRY--TOPICAL TERM | |
| Topical term or geographic name entry element | Psychology, Pathological. |
| 9 (RLIN) | 361 |
| 906 ## - LOCAL DATA ELEMENT F, LDF (RLIN) | |
| a | 7 |
| b | cbc |
| c | orignew |
| d | u |
| e | ocip |
| f | 19 |
| g | y-gencatlg |
| 942 ## - ADDED ENTRY ELEMENTS (KOHA) | |
| Source of classification or shelving scheme | Dewey Decimal Classification |
| Koha item type | Books |
| Withdrawn status | Lost status | Source of classification or shelving scheme | Damaged status | Not for loan | Home library | Current Library | Shelving location | Date acquired | Total checkouts | Full call number | Barcode | Date last seen | Copy number | Price effective from | Koha item type |
|---|---|---|---|---|---|---|---|---|---|---|---|---|---|---|---|
| Dewey Decimal Classification | GRACE BIBLE COLLEGE | GRACE BIBLE COLLEGE | General Studies | 2018-02-27 | 616.89 ABN | 000821 | 2025-05-01 | c.1 | 2018-02-27 | Books |